A különböző generációk karriertervei Léteznek-e Magyarországon generációs különbségek munkaerőpiaci elvárásokkal kapcsolatosan

Bibliográfiai részletek
Szerző: Kovács Krisztina
További közreműködők: Totth Dr. Gedeon
Dokumentumtípus: Diplomadolgozat
Kulcsszavak:Generációk
Generációs sajátosságok
Karriertervek
Munkaerőpiac
Online Access:http://dolgozattar.uni-bge.hu/4229

MARC

LEADER 00000nta a2200000 i 4500
001 dolg4229
005 20221011113201.0
008 151207suuuu hu om 000 hun d
040 |a BGE Dolgozattár Repozitórium  |b hun 
041 |a hu 
100 1 |a Kovács Krisztina 
245 1 2 |a A különböző generációk karriertervei   |b Léteznek-e Magyarországon generációs különbségek munkaerőpiaci elvárásokkal kapcsolatosan  |c Kovács Krisztina  |h [elektronikus dokumentum] 
695 |a Generációk 
695 |a Generációs sajátosságok 
695 |a Karriertervek 
695 |a Munkaerőpiac 
700 1 |a Totth Dr. Gedeon  |e ths 
856 4 0 |u http://dolgozattar.uni-bge.hu/4229/1/szakdolgozat_Kov%C3%A1cs%20Krisztina.pdf  |z Dokumentum-elérés